Statistics for Spain at the Eurovision Song Contest

Click here to take the quiz!

General Stats

  • This quiz has been taken 158 times
    (20 since last reset)
  • The average score is 38 of 62

Answer Stats

YearSongArtist% Correct
2023EaeaBlanca Paloma
100%
2022SloMoChanel
100%
2016Say yay!Barei
94%
2019La vendaMiki
94%
2014Dancing in the rainRuth Lorenzo
94%
2021Voy a quedarmeBlas Cantó
88%
2015AmanecerEdurne
88%
2012Quédate conmigoPastora Soler
88%
2018Tu canciónAlfred & Amaia
81%
2010Algo pequeñitoDaniel Diges
81%
2006Bloody MaryLas Ketchup
81%
2017Do it for your loverManel Navarro
81%
1968La, la, laMassiel
81%
2008Baila el Chiki-chikiRodolfo Chikilicuatre
81%
2002Europe's living a celebrationRosa
81%
1969Vivo cantandoSalomé
81%
2013Contigo hasta el finalEl Sueño de Morfeo
75%
2003DimeBeth
69%
1970GwendolyneJulio Iglesias
69%
1967Hablemos del amorRaphael
69%
1966Yo soy aquélRaphael
69%
2009La noche es para míSoraya Arnelas
69%
1990BandidoAzúcar Moreno
63%
1961Estando contigoConchita Bautista
63%
1965Qué bueno, qué buenoConchita Bautista
63%
1971En un mundo nuevoKarina
63%
1973Eres túMocedades
63%
1983¿Quién maneja mi barca?Remedios Amaya
63%
1991Bailar pegadosSergio Dalma
63%
1975Tú volverásSergio y Estíbaliz
63%
1995Vuelve conmigoAnabel Conde
56%
1984Lady, ladyBravo
56%
2007I love you mi vidaD'Nash
56%
1989Nacida para amarNina
56%
1985La fiesta terminóPaloma San Basilio
56%
1974Canta y sé felizPeret
56%
2000Colgado de un sueñoSerafín Zubiri
56%
1992Todo esto es la músicaSerafín Zubiri
56%
2005BrujeríaSon de Sol
56%
1979Su canciónBetty Missiego
50%
1986ValentinoCadillac
50%
2001Dile que la quieroDavid Civera
50%
1988La chica que yo quiero (Made in Spain)La Década Prodigiosa
50%
1982ÉlLucía
50%
2011Que me quiten lo bailaoLucía Pérez
50%
1999No quiero escucharLydia
50%
2004Para llenarme de tiRamón
50%
1994Ella no es ellaAlejandro Abad
44%
1963Algo prodigiosoJosé Guardiola
44%
1964CaracolaLos TNT
44%
1977Enséñame a cantarMicky
44%
1987No estás soloPatricia Kraus
44%
1980Quédate esta nocheTrigo Limpio
44%
1962LlámameVíctor Balaguer
44%
1996¡Ay, qué deseo!Antonio Carbonell
38%
1981Y solo túBacchelli
38%
1978Bailemos un valsJosé Vélez
38%
1997Sin rencorMarcos Llunas
38%
1998¿Qué voy a hacer sin ti?Mikel Herzog
38%
1976Sobran las palabrasBraulio
31%
1993HombresEva Santamaría
31%
1972AmaneceJaime Morey
31%

Score Distribution

Percentile by Number Answered

Percent of People with Each Score

Your Score History

You have not taken this quiz since the last reset